Pays ayant le plus de locuteurs en espagnol - Statistiques

Statistiques générales
  • Ce quiz a été pris 426 fois
  • Le résultat moyen est 24 sur 30
Réponses sur la Carte
Les réponses sont colorées sur une échelle allant du rouge au vert en fonction du pourcentage des utilisateurs qui les ont devinées à leur premier essai. Vous pouvez retrouver ces pourcentages ci-dessous.
 
Statistiques - réponses
Réponse Nombre de locuteurs % Correct
Argentine 45 376 763
100%
Espagne 47 026 208
100%
Chili 19 458 310
99%
Mexique 127 792 285
99%
Pérou 32 625 948
98%
Colombie 50 372 424
97%
Etats-Unis 56 360 427
96%
Paraguay 7 252 672
96%
Uruguay 3 473 730
96%
Venezuela 32 605 423
96%
Cuba 11 326 616
95%
Bolivie 11 633 371
94%
Equateur 15 954 438
93%
Brésil 556 018
91%
Panama 4 278 501
91%
Costa Rica 5 111 238
90%
Honduras 9 304 380
89%
Canada 732 110
85%
Guatemala 17 915 568
85%
Nicaragua 6 624 554
85%
Salvador 6 453 553
84%
Bélize 201 296
79%
République Dominicaine 10 448 499
79%
Maroc 1 671 409
75%
Algérie 223 000
60%
Australie 492 069
54%
Philippines 466 165
50%
Guinée Equatoriale 1 225 377
49%
Suisse 124 000
21%
Israël 175 000
13%
Aucun quiz correspondant
Distribution des résultats
% des personnes avec chaque résultat
Percentile par nombre de réponses
Votre historique - résultats
Vous n’avez pas pris ce quiz